[Event "Kelowna Harvest"]
[Site "Kelowna"]
[Date "2001.10.20"]
[Round "2"]
[White "Neufeld, John"]
[Black "Demers, Matthew"]
[Result "0-1"]
[WhiteElo "1905"]
[BlackElo "1619"]
[PlyCount "76"]
[EventDate "2001.10.20"]
[EventType "swiss"]
[EventRounds "5"]
[EventCountry "CAN"]
[SourceTitle "EXT 2022"]
[Source "ChessBase"]
[SourceDate "2021.10.06"]
[SourceVersion "1"]
[SourceVersionDate "2021.10.06"]
[SourceQuality "1"]

1. d4 Nf6 2. Bf4 g6 3. e3 c5 4. c3 Bg7 5. d5 d6 6. Bc4 0-0 7. Qb3 Nbd7 8. Be2 Re8 9. c4 Qc7 10. Nc3 e6 11. Nb5 Qa5+ 12. Kf1 e5 13. Bg5 Ne4 14. Nf3 Nxg5 15. Nxg5 Bf8 16. Ne4 Qb6 17. a4 a6 18. Rc1 axb5 19. cxb5 f5 20. Ng5 Nf6 21. f3 Bd7 22. Qc4 h6 23. h4 hxg5 24. hxg5 Nh5 25. Qh4 f4 26. Kg1 Rxa4 27. Rc4 Rxc4 28. Bxc4 Bxb5 29. g4 fxg3 30. Qe4 Kg7 31. b3 Bxc4 32. Qxc4 Ra8 33. Kg2 Be7 34. f4 Ra2+ 35. Kf3 Rf2+ 36. Ke4 exf4 37. Qc3+ Kh7 38. exf4 Rxf4+ 0-1